<?xml version="1.0" encoding="UTF-8"?>
<record
    xmlns:xsi="http://www.w3.org/2001/XMLSchema-instance"
    xsi:schemaLocation="http://www.loc.gov/MARC21/slim http://www.loc.gov/standards/marcxml/schema/MARC21slim.xsd"
    xmlns="http://www.loc.gov/MARC21/slim">

  <leader>01370nam0a2200301   4500</leader>
  <controlfield tag="001">RU\NLR\bibl\1193860</controlfield>
  <controlfield tag="005">20250615100032.0</controlfield>
  <datafield tag="010" ind1=" " ind2=" ">
    <subfield code="a">978-5-02-036009-9</subfield>
    <subfield code="9">500</subfield>
  </datafield>
  <datafield tag="021" ind1=" " ind2=" ">
    <subfield code="a">RU</subfield>
    <subfield code="b">2007-95162</subfield>
    <subfield code="9">5139</subfield>
  </datafield>
  <datafield tag="035" ind1=" " ind2=" ">
    <subfield code="a">(NLR Aleph) 001180394</subfield>
  </datafield>
  <datafield tag="090" ind1=" " ind2=" ">
    <subfield code="a">1653663</subfield>
    <subfield code="c">1653663</subfield>
  </datafield>
  <datafield tag="100" ind1=" " ind2=" ">
    <subfield code="a">20080228d2008    |||y0rusy50      ca</subfield>
  </datafield>
  <datafield tag="101" ind1="0" ind2=" ">
    <subfield code="a">rus</subfield>
  </datafield>
  <datafield tag="102" ind1=" " ind2=" ">
    <subfield code="a">RU</subfield>
  </datafield>
  <datafield tag="105" ind1=" " ind2=" ">
    <subfield code="a">y   |||||||||</subfield>
  </datafield>
  <datafield tag="200" ind1="1" ind2=" ">
    <subfield code="a">&#x428;&#x435;&#x441;&#x442;&#x432;&#x43E;&#x432;&#x430;&#x442;&#x44C;. &#x41F;&#x440;&#x438;&#x445;&#x432;&#x430;&#x442;&#x438;&#x442;&#x44C; &#x440;&#x43E;&#x433; ...</subfield>
    <subfield code="e">[&#x441;&#x431;&#x43E;&#x440;&#x43D;&#x438;&#x43A;]</subfield>
    <subfield code="f">&#x42E;&#x43B;&#x438;&#x44F; &#x41A;&#x43E;&#x43A;&#x43E;&#x448;&#x43A;&#x43E;</subfield>
  </datafield>
  <datafield tag="210" ind1=" " ind2=" ">
    <subfield code="a">&#x41C;&#x43E;&#x441;&#x43A;&#x432;&#x430;</subfield>
    <subfield code="c">&#x41D;&#x430;&#x443;&#x43A;&#x430;</subfield>
    <subfield code="d">2008</subfield>
  </datafield>
  <datafield tag="215" ind1=" " ind2=" ">
    <subfield code="a">313, [1] c.</subfield>
    <subfield code="d">22</subfield>
  </datafield>
  <datafield tag="225" ind1="1" ind2=" ">
    <subfield code="a">&#x420;&#x443;&#x441;&#x441;&#x43A;&#x438;&#x439; &#x413;&#x443;&#x43B;&#x43B;&#x438;&#x432;&#x435;&#x440;</subfield>
  </datafield>
  <datafield tag="327" ind1="1" ind2=" ">
    <subfield code="a">&#x421;&#x43E;&#x434;&#x435;&#x440;&#x436;.: &#x414;&#x43E;&#x440;&#x43E;&#x433;&#x430;, &#x43F;&#x43E;&#x434;&#x43F;&#x438;&#x441;&#x430;&#x43D;&#x43D;&#x44B;&#x435; &#x448;&#x430;&#x433;&#x438; &#x438; &#x433;&#x43E;&#x43B;&#x43E;&#x441;&#x430;; &#x418;&#x437; &#x43A;&#x43D;&#x438;&#x433;&#x438; &#x43F;&#x438;&#x440;&#x430;; &#x411;&#x435;&#x433;&#x443;&#x449;&#x438;&#x435; &#x442;&#x440;&#x435;&#x43F;&#x435;&#x442;&#x44B; &#x431;&#x435;&#x433;&#x443;&#x449;&#x438;&#x445;; &#x417;&#x430;&#x431;&#x44B;&#x432;&#x447;&#x438;&#x432;&#x43E;&#x441;&#x442;&#x44C; &#x43F;&#x43E;&#x432;&#x442;&#x43E;&#x440;&#x44F;&#x44E;&#x449;&#x435;&#x439;&#x441;&#x44F; &#x440;&#x435;&#x43A;&#x438;; &#x428;&#x435;&#x441;&#x442;&#x432;&#x438;&#x435; &#x43C;&#x435;&#x436;&#x434;&#x443; &#x432;&#x435;&#x441;&#x435;&#x43B;&#x44C;&#x435;&#x43C; &#x438; &#x440;&#x430;&#x434;&#x43E;&#x441;&#x442;&#x44C;&#x44E;; &#x41D;&#x438;&#x447;&#x435;&#x433;&#x43E; &#x43A;&#x440;&#x43E;&#x43C;&#x435; &#x431;&#x43E;&#x43B;&#x442;&#x43E;&#x432;&#x43D;&#x438; &#x43D;&#x430;&#x434; &#x43F;&#x43E;&#x43B;&#x435;&#x43C; &#x442;&#x440;&#x430;&#x432;; &#x412;&#x43E;&#x441;&#x43A;&#x440;&#x435;&#x441;&#x43D;&#x44B;&#x439; &#x447;&#x435;&#x442;&#x432;&#x435;&#x440;&#x433;; &#x41C;&#x435;&#x43B;&#x430;&#x43D;&#x445;&#x43E;&#x43B;&#x438;&#x44F;, &#x442;&#x435;&#x43C;&#x430; &#x43D;&#x435;&#x440;&#x430;&#x441;&#x43A;&#x440;&#x44B;&#x442;&#x43E;&#x433;&#x43E; &#x433;&#x43E;&#x440;&#x43E;&#x434;&#x430;</subfield>
  </datafield>
  <datafield tag="686" ind1=" " ind2=" ">
    <subfield code="a">&#x428;6(2=&#x420;)75-44</subfield>
  </datafield>
  <datafield tag="700" ind1=" " ind2="1">
    <subfield code="a">&#x41A;&#x43E;&#x43A;&#x43E;&#x448;&#x43A;&#x43E;</subfield>
    <subfield code="b">&#x42E;. &#x41C;.</subfield>
    <subfield code="f">1953-</subfield>
    <subfield code="g">&#x42E;&#x43B;&#x438;&#x44F; &#x41C;&#x438;&#x445;&#x430;&#x439;&#x43B;&#x43E;&#x432;&#x43D;&#x430;</subfield>
    <subfield code="4">070</subfield>
  </datafield>
  <datafield tag="801" ind1=" " ind2="0">
    <subfield code="a">RU</subfield>
    <subfield code="b">NLR</subfield>
    <subfield code="c">20080228</subfield>
    <subfield code="g">RCR</subfield>
  </datafield>
  <datafield tag="801" ind1=" " ind2="1">
    <subfield code="a">RU</subfield>
    <subfield code="b">NLR</subfield>
    <subfield code="c">20080228</subfield>
  </datafield>
  <datafield tag="942" ind1=" " ind2=" ">
    <subfield code="c">BOOK</subfield>
  </datafield>
  <datafield tag="980" ind1=" " ind2=" ">
    <subfield code="a">NB</subfield>
  </datafield>
  <datafield tag="995" ind1=" " ind2=" ">
    <subfield code="5">2008-02-28</subfield>
    <subfield code="a">ad</subfield>
    <subfield code="b">NLR01</subfield>
    <subfield code="c">NLR01</subfield>
    <subfield code="e">RF9</subfield>
    <subfield code="f">2616585</subfield>
    <subfield code="k">2008-5/1578</subfield>
    <subfield code="o">0</subfield>
    <subfield code="r">BOOK</subfield>
    <subfield code="s">200851578_</subfield>
  </datafield>
  <datafield tag="995" ind1=" " ind2=" ">
    <subfield code="5">2008-02-28</subfield>
    <subfield code="a">ad</subfield>
    <subfield code="b">NLR01</subfield>
    <subfield code="c">NLR01</subfield>
    <subfield code="e">RF9</subfield>
    <subfield code="f">2616586</subfield>
    <subfield code="k">2008-5/1578</subfield>
    <subfield code="o">0</subfield>
    <subfield code="r">BOOK</subfield>
    <subfield code="s">200851578_</subfield>
  </datafield>
</record>
